[Event "GER-ch 75th"]
[Site "Hoeckendorf"]
[Date "2004.02.01"]
[Round "3"]
[White "Bischoff, Klaus"]
[Black "Heinemann, Thies"]
[Result "1/2-1/2"]
[WhiteElo "2561"]
[BlackElo "2426"]
[Annotator "Gutman,L"]
[PlyCount "76"]
[EventDate "2004.01.30"]
[EventType "swiss"]
[EventRounds "9"]
[EventCountry "GER"]
[SourceTitle "CBM 100"]
[Source "ChessBase"]
[SourceDate "2004.06.01"]
[SourceVersion "1"]
[SourceVersionDate "2004.06.01"]
[SourceQuality "1"]

1. d4 Nf6 2. c4 c5 3. Nf3 cxd4 4. Nxd4 b6 5. Nc3 Bb7 6. f3 d6 7. e4 e6 8. Be2
Be7 9. Be3 O-O 10. Qd2 a6 11. O-O-O Qc7 12. Kb1 Nc6 13. Rc1 Nxd4 14. Bxd4 Nd7
15. g4 Rfb8 16. h4 (16. Be3 $5 Qd8 17. Bf4 Ne5 18. Rhd1) 16... Qd8 17. g5 Bc6
18. Rhg1 b5 19. cxb5 axb5 20. Nd1 Rc8 21. Ne3 Nf8 (21... b4 $1 22. Ng4 (22. Nc4
d5) 22... e5 23. Be3 Qa5) 22. Ng4 e5 23. Be3 Bd7 24. Rxc8 Rxc8 25. h5 Rb8 26.
Nf6+ (26. Bd1 $5 Be6 27. Nf6+ Kh8 28. Nd5) 26... Bxf6 27. gxf6 Qxf6 28. Bg5 Qe6
29. Bd1 d5 30. exd5 Qf5+ 31. Ka1 Rc8 32. Bh6 g6 33. hxg6 hxg6 34. Be3 Nh7 35.
a3 Re8 36. Be2 Rc8 37. Bd1 Re8 38. Be2 Rc8 1/2-1/2

[Event "RUS-Cup10"]
[Site "Tomsk"]
[Date "1997.07.23"]
[Round "3"]
[White "Belozerov, Andrei"]
[Black "Dvoirys, Semen I"]
[Result "1/2-1/2"]
[WhiteElo "2450"]
[BlackElo "2615"]
[Annotator "Hecht,H"]
[PlyCount "107"]
[EventDate "1997.07.21"]
[EventType "swiss"]
[EventRounds "9"]
[EventCountry "RUS"]
[SourceTitle "EXT 2000"]
[Source "ChessBase"]
[SourceDate "1999.11.16"]
[SourceVersion "1"]
[SourceVersionDate "1999.11.16"]
[SourceQuality "1"]

1. Nf3 c5 2. c4 Nc6 3. Nc3 Nf6 4. g3 d6 5. Bg2 g6 6. O-O Bg7 7. d4 cxd4 8. Nxd4
Bd7 9. Nc2 Qc8 (9... O-O 10. Bd2 a6 11. Rc1 Rb8 12. a4 Be8 13. b3 Nd7 14. Rb1
Nc5 15. b4 Nd7 16. a5 f5 17. e4 Nde5 18. Ne3 f4 19. gxf4 Nd3 20. Ned5 e6 21.
Qe2 exd5 22. Qxd3 dxe4 23. Nxe4 Nd4 24. Rfe1 h6 25. Bc3 Nf5 26. Bxg7 Kxg7 27.
Rbd1 Bc6 28. Nxd6 Nxd6 29. Qxd6 Qxd6 30. Rxd6 Rxf4 31. Re7+ Kf8 32. Rh7 Bxg2
33. Kxg2 Kg8 34. Rdd7 Rxc4 35. Rdg7+ {1-0 Gulko,B-Kolev,A/Elenite 1995/CBM 50/
[Stohl]}) 10. Nd5 (10. Re1 Bh3 11. Bh1 h5 12. Ne3 h4 13. Bd2 hxg3 14. hxg3 Be6
15. Qa4 Nd7 16. Rac1 Nb6 17. Qb5 Bd4 18. Ncd5 Kf8 19. Qb3 Kg7 20. Nf4 Bd7 21.
Bg2 e5 22. Nc2 Bc5 23. Nd3 Bh3 24. Bf3 Be6 {Novikov,M-Andreev,K/St
Petersburg-ch 1997/CBM 58/[Hecht]/1-0 (75)}) (10. Rb1 Bh3 11. e4 O-O 12. Ne3
Re8 13. f4 Rb8 14. a3 Ng4 15. Bxh3 Nxe3 16. Bxe3 Qxh3 17. Qd3 Rbc8 18. b4 b6
19. Rf2 h5 20. Rc1 h4 21. Ne2 b5 22. cxb5 Ne5 23. fxe5 Rxc1+ 24. Bxc1 Bxe5 25.
Qf3 Qe6 26. gxh4 Rc8 27. Be3 Rc4 28. Kg2 Bf6 29. Bg5 Rxe4 30. Ng3 Re5 31. Bxf6
exf6 32. Qxf6 Qd5+ 33. Qf3 Qc4 34. a4 Re7 35. h5 gxh5 36. Qxh5 Re5 37. Qf3 Rg5
38. Qa8+ Kg7 39. Qxa7 Qd5+ 40. Rf3 Qd2+ 41. Qf2 Qd5 42. Qe3 Re5 43. Qb3 Qb7 44.
Qc4 Qd7 45. b6 Kg6 46. a5 f5 47. Qg8+ Kh6 48. Qh8+ Kg6 49. Qh5+ {1-0
Garibaldi-Gavilan,A/ARG-ch Buenos Aires 1951/MCD-ch}) (10. b3 Bh3 11. Bb2 h5
12. Nd5 Ne5 13. Bxe5 dxe5 14. Bxh3 Qxh3 15. Nc7+ Kf8 16. Nxa8 Bh6 17. f3 Qc8
18. Qd3 h4 19. g4 Qxa8 20. Rad1 Kg7 21. Qc3 Qb8 22. e3 h3 23. Kh1 b6 24. Nb4 e4
25. f4 g5 26. Nd5 Rd8 27. Nxe7 gxf4 28. Nf5+ Kg6 29. Nxh6 {1-0 Duer,A-Hoelzl,F/
AUT BL 1989/TD 90\04}) 10... Nxd5 11. cxd5 Ne5 12. Rb1 h5 13. h4 Bh3 14. Bg5
Bxg2 15. Kxg2 Qd7 16. e4 Rc8 17. Ne3 Qb5 18. Rc1 Rxc1 19. Qxc1 Kd7 20. b3 Qd3
21. Qb1 Rc8 22. Nc4 Qf3+ 23. Kg1 Ng4 24. Qd1 Qxd1 25. Rxd1 b5 26. Ne3 Ne5 27.
Kf1 Nf3 28. Bf4 Nd4 29. Kg2 Ne2 30. Kf3 Nxf4 31. Kxf4 Bh6+ 32. Kf3 Rc3 33. Ke2
Bxe3 34. fxe3 Rc2+ 35. Rd2 Rc1 36. Rd1 Rc2+ 37. Rd2 Rc1 38. Rd1 Rxd1 39. Kxd1 {
[#] A blocked position. Black cannot capitalize on White's weakened central
pawn formation. Try this position out yourself! [#] Blockierte Stellung.
Schwarz kann kein Kapital aus der geschwächten weißen zentralen Bauernstellung
schlagen. Versuchen Sie sich doch einmal selbst an dieser Position!} e5 40. Kd2
Kc7 41. Kc3 Kb6 42. b4 Kc7 43. Kd3 Kd7 44. Ke2 Ke7 45. Kf2 f5 46. Kg2 Kf6 47.
Kf3 Kg7 48. Kg2 Kf7 49. Kf2 fxe4 50. g4 hxg4 51. Kg3 Kg7 52. Kxg4 Kh6 53. Kg3
Kh5 54. Kh3 1/2-1/2

[Event "RUS-ch 54th"]
[Site "Elista"]
[Date "2001.05.02"]
[Round "3"]
[White "Tomashevsky, Evgeny"]
[Black "Iljushin, Alexei"]
[Result "1-0"]
[WhiteElo "2408"]
[BlackElo "2536"]
[Annotator "Hecht,H"]
[PlyCount "177"]
[EventDate "2001.04.29"]
[EventType "swiss"]
[EventRounds "9"]
[EventCountry "RUS"]
[SourceTitle "CBM 083"]
[Source "ChessBase"]
[SourceDate "2001.07.05"]
[SourceVersion "1"]
[SourceVersionDate "2001.07.05"]
[SourceQuality "1"]

1. c4 c5 2. Nc3 Nc6 3. Nf3 Nf6 4. g3 g6 5. Bg2 Bg7 6. O-O d6 7. d4 cxd4 8. Nxd4
Bd7 9. Nb3 O-O 10. c5 Ne8 11. Bf4 Be6 12. cxd6 Nxd6 13. Nc5 Bc8 14. Rc1 e5 15.
Bg5 Qxg5 16. Qxd6 Qd8 17. Qxd8 Nxd8 18. Nb5 Ne6 19. Nxe6 Bxe6 20. Nc7 Rad8 21.
Nxe6 fxe6 22. Rc2 Rf7 23. Rfc1 Rfd7 24. Rc7 b6 25. Bh3 Rxc7 26. Rxc7 {[#]
Schlechte schwarze Bauernstruktur. Lange Lavierphase - Technischer Gewinn mit
zwei Randfreibauern.} Rd6 27. Rxa7 e4 28. b3 e3 29. fxe3 Kf8 30. Kf2 h5 31. g4
hxg4 32. Bxg4 Bf6 33. Kf3 Be7 34. Ke4 Kf7 35. h3 Kf6 36. b4 Rc6 37. a3 Bd6 38.
Ra6 Bc7 39. Kd3 Rd6+ 40. Kc4 Rd5 41. a4 Re5 42. Kd3 Rd5+ 43. Ke4 Re5+ 44. Kf3
Rd5 45. Ra7 Bd8 46. Ke4 Rd6 47. a5 bxa5 48. bxa5 Rd5 49. a6 Re5+ 50. Kd3 Ra5
51. Ra8 Be7 52. Kc4 Rc5+ 53. Kb3 Ra5 54. Ra7 e5 55. Bf3 Bc5 56. Rc7 Bxe3 57.
Rc6+ Kf5 58. Bg4+ Kg5 59. Re6 Bd4 60. Kb4 Ra1 61. Kb5 Rb1+ 62. Kc6 Kf4 63. Kd5
g5 64. Rf6+ Ke3 65. Rf3+ Kd2 66. Rd3+ Ke1 67. Ra3 Rb5+ 68. Kc4 Rc5+ 69. Kd3 Rc7
70. e3 Ba7 71. Ra5 Rc6 72. Ke4 Rc3 73. Kxe5 Rxe3+ 74. Kf5 Kf2 75. Kxg5 Kg3 76.
Bf5 Re8 77. Ra3+ Re3 78. Ra4 (78. Rxe3+ $2 Bxe3+ 79. Kh5 (79. Kf6 Kh4 $11)
79... Ba7 80. h4 Bb6 81. Kg5 Be3+ $11) 78... Re8 79. h4 Be3+ 80. Kg6 Rg8+ 81.
Kh7 Rf8 82. Bg6 Rd8 83. h5 Bd4 84. Bf7 Ba7 85. h6 Rd7 86. Kg7 Bb8 87. h7 Be5+
88. Kg6 Ra7 89. Bd5 1-0

[Event "USA-ch G2"]
[Site "Chandler"]
[Date "1997.08.30"]
[Round "6"]
[White "Seirawan, Yasser"]
[Black "Kudrin, Sergey"]
[Result "1-0"]
[WhiteElo "2630"]
[BlackElo "2535"]
[Annotator "Hecht,H"]
[PlyCount "139"]
[EventDate "1997.08.23"]
[EventType "tourn"]
[EventRounds "7"]
[EventCountry "USA"]
[EventCategory "13"]
[SourceTitle "CBM 061"]
[Source "ChessBase"]
[SourceDate "1997.11.23"]
[SourceVersion "1"]
[SourceVersionDate "1997.11.23"]
[SourceQuality "1"]

1. Nf3 c5 2. c4 b6 3. d4 cxd4 4. Nxd4 Bb7 5. Nc3 Nf6 6. f3 d6 7. e4 e6 8. Be3
Be7 9. Be2 a6 10. O-O O-O 11. Qd2 Nbd7 12. Rfd1 Qc7 13. Rac1 Rac8 14. a3 Qb8
15. b4 Rfe8 (15... Ne5 16. Qa2 Bd8 17. Kh1 Bc7 18. Bg1 Rfe8 19. Bf1 Kh8 20. Re1
g5 21. Qd2 Rg8 22. Be3 Bd8 23. Bxg5 Nxc4 24. Bxc4 Rxc4 25. Be3 Nd7 26. Na4 Rxc1
27. Rxc1 b5 28. Nb2 Ne5 29. Nb3 Bf6 30. Na5 Ba8 31. Bd4 Bg7 32. Nd3 Nxd3 33.
Bxg7+ Rxg7 34. Qxd3 d5 35. exd5 Bxd5 36. Qc3 Qf4 37. Qb2 h6 38. Rc8+ Kh7 39.
Qc1 Qxf3 40. Qxh6+ Kxh6 41. Rh8+ Rh7 {0-1 Ivanov,M-Madsen,D/Gausdal Masters
1996/EXP 51}) 16. Bf1 Bd8 17. Rc2 (17. Nb3 Ne5 18. Na4 d5 19. Nxb6 Bxb6 20.
Bxb6 dxe4 21. f4 Nd3 22. Bxd3 exd3 23. Bd4 Rcd8 24. Qe3 e5 25. Bxe5 Ng4 26. Qg3
Nxe5 27. fxe5 Re6 28. Rd2 Rg6 29. Qf4 f6 30. Re1 Qc8 31. Nc5 fxe5 32. Rxe5
Rxg2+ 33. Rxg2 Bxg2 34. Kxg2 d2 35. Qf1 Qg4+ {0-1 Klinova,M-Ioseliani,N/Moscow
olw 1994/EXP 45}) 17... Ne5 18. Na4 d5 19. exd5 exd5 20. c5 b5 21. Nb6 Bxb6 22.
cxb6 Rxc2 23. Nxc2 Nc4 24. Bxc4 dxc4 25. Qd6 Qxd6 26. Rxd6 Re6 27. Rd8+ Re8 28.
Rxe8+ Nxe8 29. Bc5 f6 30. Nd4 Kf7 31. Kf2 g6 32. g4 Ng7 33. f4 h5 34. gxh5 Nxh5
35. f5 Nf4 36. fxg6+ Kxg6 37. Ke3 Nd5+ 38. Kd2 Nf4 39. Bd6 Nd5 40. Bc5 Nf4 41.
h4 Ba8 42. Be7 f5 43. Bd8 Kf7 44. Nxf5 Ke6 45. Ng3 Kd7 46. Bc7 Nd5 47. h5 Nf6
48. h6 Bd5 49. Be5 Nh7 50. Ke3 Kc6 51. Bd4 Bf7 52. Ne4 Bg6 53. Bc5 Kb7 54. Kd4
Bh5 55. Nd6+ Kb8 56. Ne4 Kb7 57. Kd5 Bf7+ 58. Ke5 Bh5 59. Nf6 Bg6 60. Nxh7 Bxh7
61. Bd4 c3 62. Kf6 c2 63. Be3 Bd3 64. Kg7 c1=Q 65. Bxc1 Kxb6 66. h7 Bxh7 67.
Kxh7 {[%csl Ra8,Rc1] [#] White's problem is that he has the wrong-colored
bishop to cover the promotion square of the a-pawn. For this reason, Black can
always play ...a5 and let the pawn be captured, as long as his king is able to
reach the corner at a8. If he doesn't play ...a5, White will win easily by
transferring his bishop to a5. In that case, the pawn on a3 could also be
missing. [#] Das Problem von Weiß ist die falsche Läuferfarbe bezogen auf das
Umwandlungsfeld des a-Bauern. Deswegen kann Schwarz stets problemlos a5
spielen und sich den Bauern schlagen lassen, solange sein König in die Ecke a8
gelangt. Spielt er nicht a5, so gewinnt Weiß leicht durch Überführung seines
Läufers nach a5. Dann darf auch der Ba3 fehlen.} Kc6 68. Kg6 a5 (68... Kd5 69.
Be3 (69. Kf7 {This also suffices for the win--by one tempo! auch dies langt
zum Gewinn - ein Tempo!} Kc4 70. Ke6 Kb3 71. Kd5 Kc2 72. Kc5 Kxc1 73. Kb6 Kb2
74. Kxa6 Kxa3 75. Kxb5 $18) 69... a5 (69... Kc4 70. Bb6 Kb3 71. Ba5 Kxa3 72.
Kf5 $18) (69... Kc6 70. Kf6 a5 71. Ke6 $18) 70. bxa5 Kc6 71. a6 Kc7 72. Ba7 Kc6
73. Kf6 b4 74. axb4 Kb5 75. Bc5 $18) 69. Kf7 Kd5 70. Ke7 (70. Ke7 a4 71. Kd7
Kc4 72. Kc6 $18) 1-0

[Event "Ostrava"]
[Site "Ostrava"]
[Date "1994.??.??"]
[Round "2"]
[White "Ftacnik, Lubomir"]
[Black "Plachetka, Jan"]
[Result "1-0"]
[WhiteElo "2565"]
[BlackElo "2435"]
[Annotator "Hecht,H"]
[PlyCount "103"]
[EventDate "1994.06.??"]
[EventType "tourn"]
[EventRounds "11"]
[EventCountry "CZE"]
[EventCategory "11"]
[SourceTitle "CBM 042"]
[Source "ChessBase"]
[SourceDate "1994.10.01"]
[SourceVersion "1"]
[SourceVersionDate "1994.10.01"]
[SourceQuality "1"]

1. Nf3 Nf6 2. c4 g6 3. Nc3 Bg7 4. e4 c5 5. d4 cxd4 6. Nxd4 d6 7. Be2 O-O 8. O-O
Na6 9. Be3 Nc5 10. f3 b6 11. Rc1 Bb7 12. b4 Ncd7 13. Qd2 Rc8 14. Rfd1 Ne5 15.
Nd5 Ba6 16. Nxf6+ Bxf6 17. b5 Bb7 18. f4 Nd7 19. e5 dxe5 20. Ne6 fxe6 21. Qxd7
Qxd7 22. Rxd7 exf4 23. Bf2 Rb8 24. c5 Bd5 25. Rxa7 bxc5 26. Rxc5 Rfc8 27. b6
Be5 28. Ba6 Rxc5 29. Bxc5 Bd6 30. Bd4 e5 31. Bf2 e4 32. Bd4 e3 (32... e5 $5 33.
Rd7 exd4 34. Rxd6 Bxa2 (34... Bb7 35. Bxb7 Rxb7 36. a4 d3 37. a5 $18) 35. b7 d3
{Beurteilung?} 36. Rd4 (36. Rc6 d2 37. Rc8+ Kg7 $19) (36. Rd7 Be6 37. Rc7 d2
38. Be2 $13) 36... Kg7 37. Rxe4 Bd5 38. Rd4 Bc6 39. Rxd3 Kh6 40. Rh3+ Kg5 (
40... Kg7 41. Rc3 Bxb7 42. Rc7+ $18) 41. Rxh7 Kf6 42. Rc7 Be4 43. Kf2 g5 $16)
33. a4 g5 34. a5 g4 35. g3 e5 36. Rd7 exd4 37. Rxd6 Bf3 38. Rxd4 Re8 39. Kf1
fxg3 40. hxg3 e2+ 41. Ke1 Kg7 42. b7 Rb8 43. Rd7+ Kf6 44. Rd6+ Ke7 45. Rh6 Be4
46. Bc4 $1 Bxb7 (46... Rxb7 47. Re6+ $18) 47. Rb6 h5 (47... Kd7 48. a6 Bxa6 49.
Rxa6 h5 50. Rh6 $18) 48. Bd5 Bxd5 49. Rxb8 h4 50. gxh4 Bf3 51. Rg8 Kf7 52. Rg5
1-0

[Event "EU-chT (Men) 13th"]
[Site "Leon"]
[Date "2001.11.07"]
[Round "2.2"]
[White "Short, Nigel D"]
[Black "Cvitan, Ognjen"]
[Result "1-0"]
[WhiteElo "2675"]
[BlackElo "2550"]
[Annotator "Kostakiev,D"]
[PlyCount "81"]
[EventDate "2001.11.06"]
[EventType "team-swiss"]
[EventRounds "9"]
[EventCountry "ESP"]
[SourceTitle "CBM 086"]
[Source "ChessBase"]
[SourceDate "2002.02.05"]
[SourceVersion "1"]
[SourceVersionDate "2002.02.05"]
[SourceQuality "1"]
[WhiteTeam "England"]
[BlackTeam "Croatia"]
[WhiteTeamCountry "ENG"]
[BlackTeamCountry "CRO"]

{Once upon a time in - 1988 the youngsters Gelfand and Smirin created a
memorable game (see - below the annotations after move 15th.). It was
published in the ex-Soviet chess magazine "Shahmati v SSSR" with remarkable
comments -which quoted an opinion of the genius TAL that soon should be find
refutation to the Black's "Hedgehog" structure. I think that Short's play in
this newest game we are going to study proves that White chances are really
better. In the run of the battle we shall mention the very interesting Stohl's
comments about other previous topic games.} 1. e4 ({To our typical middle game
structure leads also some closed openings. For example:} 1. d4 Nf6 2. c4 c5 3.
Nf3 cxd4 4. Nxd4 b6 5. Nc3 Bb7 6. f3 d6 7. e4 e6 8. Be3 (8. Be2 a6 9. Be3 Nbd7
10. O-O Be7 11. Qd2 O-O 12. a4 Rc8 $1 (12... Qc7 {Cvetkovic,S-Ilicnic,Z/
Vrnjacka Banja/1989/  (18)}) 13. a5 {1/2,Yandemirov,V-Simantsev,M/St.
Petersburg/1999/ (20)}) 8... Nbd7 9. g4 $5 $36 {>>}) 1... c5 2. Nf3 d6 3. d4
cxd4 4. Nxd4 Nf6 5. f3 e6 6. c4 Be7 7. Nc3 O-O 8. Be2 b6 9. O-O Bb7 10. Be3 a6
11. a4 $5 Nbd7 $5 (11... Nc6 $5) 12. a5 {The Gelfand's victory in the
mentioned above (in the forward) game was accepted as a prove for the Tal's
opinion. During 1988 we (the chess readers behind the "iron curtain") saw for
the first time a White's plan for "<<" with a4-a5 supported by Ra1 and Nd4 -
b3 x Pa5. For us, then was impossible to read other foreign - than soviet
chess literature. So nobody (maybe Gelfand and Smirin too) at those period did
not know that this plan had been already applied in other games. The first one
was 1-0 Beim,V - Piven,I/Schwarzach 1997/EXT 99. See reference below.} bxa5 {
'''!?' Stohl: 'The best, other moves allow White to achieve his strategic aims
more easily:'''} (12... Qc7 13. Nb3 (13. axb6 Nxb6 14. Qb3 (14. Na4 Nfd7 15.
Nxb6 {Borgo,G-Barlov,D/Cutro/1998/ (30)}) 14... Nbd7 15. Qa4 $11) 13... d5 (
13... Rab8 14. Qd2 $5 (14. axb6 Nxb6 {Gulko,B-Shapiro,D/Stratton Mountain/1999/
(22)})) 14. cxd5 exd5 15. axb6 Nxb6 16. e5 Nfd7 17. f4 $14 {0-1 Tiller,
B-Rajkovic,D/Gausdal 1984/MCD (42)}) (12... d5 $5 {1/2-1/2 Stohl,I-Varga,Z/
Hrvatska 73/42 1998/Inf 73/[Stohl,I] (48)}) 13. Nb3 Rb8 {'[#]'} (13... a4 {
Bobrowska,M-Ghate,S/WChJW Calicut/1998/ (25)}) 14. Nxa5 {'N'; 14.Ba7 - 41/39''}
(14. Ba7 {1/2-1/2 Greenfeld,A-Fedorowicz,J/Hastings 1985/EXT 99 (57)}) 14...
Ba8 15. Qd2 Re8 {'!' 'The best move, in Hedgehog positions the R usually
occupies this square to further the freeing d5 advance.'} (15... Ne5 $5 16.
Rfc1 (16. Rfb1 Qc7 {/\} 17. b4 d5) 16... Qd7 17. Na4 Bd8 18. b4 Nc6 19. Nxc6
Bxc6 20. Nb2 $14) (15... Qc7 {''?!' Ivanchuk,V. '!' Stohl. Stohl: 'The best
move, in Hedgehog positions the R usually occupies this square to further the
freeing d5 advance.''} 16. Rfc1 Rfc8 {'Ivanchuk,V: 'N' 'N!?' Beim,V. '} (16...
Ne5 {N} 17. Na4 {1-0 Ivanchuk,V-Adams,M/Dortmund 1992/Inf 54/[Ivanchuk,V] (44)}
(17. Na2 $5 {/\ 18.Nb4 Qc8 19.Ba7} Nfd7 18. b4 {/\ b5})) (16... Nb6 $5 $146 {
Beim,V-Vakhidov,T/Dieren 72/(38) 1997/Inf 72/[Beim,V] (25)}) (16... Rfd8 $6 17.
Nd5 $1) 17. Na4 {''!?' 'N''} (17. b4 $5 {N} d5 $5 18. Nxd5 $6 {_|_. Cvetkovic,
S-Cabrilo,G/Jugoslavija 1994/Inf 61 (34)} (18. cxd5 $2) (18. exd5 Bxb4 19. dxe6
) (18. c5 $1 dxe4 19. Bxa6 $16 {Cvetkovic,S})) 17... Nc5 18. b4 Nxa4 19. Rxa4
Qd7 20. Rca1 $14 Rd8 21. Bf1 Qc7 22. Nb3 Bb7 23. Qf2 Nd7 24. Na5 Ba8 25. Ba7
Rbc8 26. Bd4 Rb8 27. Ba7 Rbc8 28. Nb3 Bb7 29. Bd4 Rb8 30. Qg3 g6 31. b5 $16 {
Gelfand,B-Smirin,I/Vilnius/1988/}) 16. Ba7 $146 {[/\ Bf2-e1Xb4]} (16. Rfd1 {
ץa8,Kasimdzhanov,R-Bakhtadze,G/Yerevan WChJ/1999/ (25)}) (16. Kh1 Qc7 17. Rfc1
{White has an extra tempo compared to Kasimdzhanov's game above, but it's not
too useful in this situation.} Ne5 18. Bd4 (18. b4 d5 $5) (18. Na4 Qd8 $13 {
and the K on h1 is of no advantage for White.}) 18... h5 $5 {[%mdl 32] An
original strategical idea in this position. The further advance of this pawn
can be prevented only by weakening the >>, when it gets to h3 Black will have
just enough play to hold the game.} 19. b4 {1/2-1/2 Agrest,E-Nisipeanu,L/
Batumi 1999/CBM 74/[Stohl] (39)} (19. Bf2 Ng6 {[%cal Yh5h3] /\h4-h3<=>})) 16...
Rc8 17. Bf2 Rb8 18. Kh1 Nc5 19. Rfb1 Rb4 $6 ({Fritz 7:} 19... Qb6 20. Qd4 Qb4
21. Be1 Qb6 22. b4 $14) 20. Nd1 {/\Bf2-e1Xb4, but the square b3 stands weak
giving some chances to Black.} ({Another way to put forward Pb2-b4 is:} 20. b3
$5 Nfd7 21. Na2 Rb8 22. b4 $16) 20... Qb8 21. Be1 Ra4 (21... Rb3 $142 $5 22.
Nxb3 Nxb3 23. Qf4 Nxa1 24. Rxa1 Bb7 $14) 22. Rxa4 Nxa4 23. b4 Nb6 (23... Nc5)
24. Nc3 Nbd7 (24... Rc8) 25. Qa2 (25. Bg3 $5) 25... Qa7 (25... Qb6 $5) 26. Na4
$6 (26. Qd2 $142 $14) 26... Rb8 $132 27. Bd2 (27. Qd2) 27... h6 (27... Qf2 28.
Be1 Qe3 $11) 28. Rc1 (28. Nc3 $5) 28... Nb6 $2 (28... Qf2 $1 $11) 29. Nb2 $14
Nbd7 30. Nd3 Qb6 (30... Qc7) 31. c5 dxc5 32. Be3 Qd8 $6 (32... Bd8 {[/\Xa5]}
33. Nb3 (33. bxc5 $4 Qxa5 $19) 33... Bc6 34. Nbxc5 Nxc5 35. Bxc5 (35. bxc5))
33. bxc5 $16 Rb5 (33... Qc7 34. Nc4 $16) 34. Nb3 Qb8 $2 (34... Ne8 $142 35. Bf4
$16) 35. Nd4 $1 $18 Bxc5 36. Bf4 Bxd4 37. Bxb8 Rxb8 38. Qxa6 Bb7 39. Qd6 Bc8
40. h4 Ra8 41. Nb4 1-0

[Event "Biel GM 45th"]
[Site "Biel"]
[Date "2012.07.28"]
[Round "6"]
[White "Giri, Anish"]
[Black "Bologan, Viktor"]
[Result "1-0"]
[WhiteElo "2696"]
[BlackElo "2732"]
[Annotator "Krasenkow,M"]
[PlyCount "183"]
[EventDate "2012.07.23"]
[EventType "tourn"]
[EventRounds "10"]
[EventCountry "SUI"]
[EventCategory "21"]
[SourceTitle "CBM 150"]
[Source "ChessBase"]
[SourceDate "2012.09.14"]
[SourceVersion "1"]
[SourceVersionDate "2012.09.14"]
[SourceQuality "1"]

1. d4 Nf6 2. Nf3 g6 ({cf.} 2... e6 3. c4 c5 4. g3 cxd4 5. Nxd4 d5 6. Bg2 e5 {
- E01}) 3. c4 c5 4. g3 cxd4 5. Nxd4 d5 6. Bg2 e5 {The difference of this
system from the classic E01 setup is that Black's pawn is on g6 instead of g7.
That circumstance is rather unfavourable for him as his bishop can hardly go
to g7, and therefore the weakness of dark squares will be visible.} 7. Nf3 Bb4+
(7... Nc6 8. cxd5 Nxd5 9. O-O $16 {V.Tukmakov}) (7... e4 8. Nfd2 Bf5 (8... dxc4
$5) 9. Nc3 dxc4 {0-1 Krasnov,V-Moiseev,V (2410)/Tula 2000/CBM 079 ext (58)} 10.
O-O $16 {[%cal Rd2c4,Rd2e4]}) (7... d4 8. O-O Nc6 9. e3 Bg4 (9... Bc5 10. exd4
exd4 11. b4 $1 Nxb4 12. Bh6 $44) 10. Qb3 (10. exd4 $5 Nxd4 11. Nbd2) 10... Bxf3
(10... Qe7 $5 11. exd4 $140 e4) 11. Bxf3 Qd7 (11... Rb8 $142 $14) 12. Bxc6 bxc6
13. exd4 exd4 14. Bg5 Be7 15. Qf3 Ng8 16. Re1 O-O-O 17. Bxe7 Nxe7 18. Qxf7 $16
{1-0 Tukmakov,V (2560)-Beliavsky,A (2545)/Vilnius 1978/MCD (41)}) 8. Nbd2 {
A bit too passive.} (8. Bd2 Bxd2+ 9. Qxd2 e4 10. Nd4 dxc4 11. Nc3 $14 {,
played in the E01 system with Black's pawn on g7 (7...Bb4+ is a very rare move
there), is possible here, too.}) (8. Nc3 {is also interesting as} d4 {doesn't
work due to} 9. Qa4+ Nc6 10. Nxe5) 8... e4 (8... Nc6 {was probably simpler.})
9. Nd4 O-O 10. Nc2 Be7 11. O-O Be6 12. b3 Nc6 13. Bb2 dxc4 14. bxc4 Qb6 {
Black already feels uncomfortable due to the weakness of the long diagonal.
Still,} (14... Qa5 {was good enough for equality, e.g.} 15. Nxe4 Nxe4 16. Bxe4
Rad8 17. Qc1 Bxc4 18. Qh6 Ne5 $1 19. Ne3 Be6 $1 20. f4 Qb6 $1 21. Bxe5 Qxe3+
22. Rf2 f6 23. Bxg6 hxg6 24. Qxg6+ Kh8 {, and White must give a perpetual.}) {
The text move is weaker: Black loses a pawn without sufficient compensation
although White's road to victory will be very, very long.} 15. Rb1 Qa6 16. Bxf6
Bxf6 17. Nxe4 Bg7 (17... Be7 18. Ne3) 18. Nc5 Qxc4 19. Nxb7 Qc3 20. Rc1 $1 Ne7
(20... Nb4 21. Nxb4 Qxb4 22. Bd5 $1 $14) 21. Ne3 Qe5 22. Nc4 Qf6 23. Qa4 Rab8 (
23... Nd5 $142 24. Nc5 Rad8) 24. Nc5 Nc8 25. Qa6 Re8 26. e3 Qe7 27. Nxe6 Qxe6
28. Qxe6 Rxe6 29. Rb1 Rxb1 30. Rxb1 {[%mdl 4096]} Nb6 31. Nd2 Rd6 32. Ne4 Rc6
33. Rd1 Bf8 34. h4 Kg7 35. Bf3 Rc2 36. Rd2 Rc1+ $6 {A strange decision. Black
has more drawing chances after the rook exchange:} (36... Rxd2 37. Nxd2) 37.
Rd1 $6 Rc2 38. Rd2 Rc1+ $6 39. Kg2 Bb4 40. Rb2 a5 41. Nd2 Rc3 $6 {It was still
possible to trade the rooks but Black consequently avoids that:} (41... Na4 42.
Nb3 Nxb2 43. Nxc1) 42. Nb3 Nc4 43. Re2 a4 44. Nd4 Bc5 45. Nc6 a3 46. Be4 f5 47.
Bd5 Nb2 48. Ne5 Bb4 49. Nf3 Rc5 50. e4 fxe4 $6 {After this bad move White's
pieces finally come out, and he converts his material advantage without major
technical problems.} (50... Na4 $5 51. Nd4 Nc3 $1 52. Ne6+ Kf6 53. e5+ Ke7 54.
Nxc5 Nxe2 {still led to the exchange of rooks. Despite the inferior situation
for Black (White has got a passed e5-pawn), he can put up a lot of resistance
here.}) 51. Rxe4 Rb5 52. Bb3 Rb7 53. Nd4 Nd3 54. Bc4 Nc5 55. Re3 Nd7 56. Ne6+
Kh8 57. Rd3 Be7 58. Re3 Nf6 59. Bb3 Bb4 60. Re2 Rb8 61. Rc2 Bd6 62. Rc6 Be5 63.
Ra6 Bb2 64. Ra7 Ne4 65. Rc7 Be5 66. Re7 Bf6 67. Ra7 Bb2 68. f3 Nc3 69. Kh3 h6
70. Bc4 Rc8 71. Bb3 Rb8 72. Nc5 Nb5 73. Rd7 Nd4 74. Bd5 Nf5 75. Nd3 Ne3 76. Be4
Rb6 77. Nf4 g5 78. Nh5 Kg8 79. Rd3 Bc1 80. Rc3 Bd2 81. Rxa3 Rb2 82. Bg6 Rb8 83.
Rd3 Bc1 84. Rc3 Bd2 85. Rc7 Rf8 86. Be4 gxh4 87. Kxh4 Nf5+ 88. Kg4 Nd6 89. Bd5+
Kh8 90. f4 Nf5 91. Be4 Ba5 92. Rc6 1-0